000
00244nam a2200097Ia 4500
001
777384
005
20250826165905.0
008
250824s9999 xx 000 0 und d
245
0
_a
ŞAMAN KIZ
_c
AHMET HALDUN TERZİOĞLU
260
_b
PANAMA YAYINLARI
999
_c
777384
_d
777384